<?xml version="1.0" encoding="UTF-8"?>
<record
    xmlns:xsi="http://www.w3.org/2001/XMLSchema-instance"
    xsi:schemaLocation="http://www.loc.gov/MARC21/slim http://www.loc.gov/standards/marcxml/schema/MARC21slim.xsd"
    xmlns="http://www.loc.gov/MARC21/slim">

  <leader>00467nam a2200169   4500</leader>
  <controlfield tag="003">SEACOMEC</controlfield>
  <controlfield tag="005">20240406110526.0</controlfield>
  <controlfield tag="008">240406b        |||||||| |||| 00| 0 eng d</controlfield>
  <datafield tag="020" ind1=" " ind2=" ">
    <subfield code="c">Rs.150.00</subfield>
  </datafield>
  <datafield tag="040" ind1=" " ind2=" ">
    <subfield code="a">SEACOMEC</subfield>
  </datafield>
  <datafield tag="082" ind1=" " ind2=" ">
    <subfield code="a">620.0422</subfield>
    <subfield code="b">J59</subfield>
  </datafield>
  <datafield tag="100" ind1=" " ind2=" ">
    <subfield code="a">Jeyapoovan,T.</subfield>
  </datafield>
  <datafield tag="245" ind1="1" ind2=" ">
    <subfield code="a">Engineering drawing and graphics: using auto CAD</subfield>
    <subfield code="c">T. Jeyapoovan</subfield>
  </datafield>
  <datafield tag="260" ind1=" " ind2=" ">
    <subfield code="a">New Delhi</subfield>
    <subfield code="b">Vikas</subfield>
    <subfield code="c">2005</subfield>
  </datafield>
  <datafield tag="650" ind1=" " ind2=" ">
    <subfield code="a">Technology</subfield>
    <subfield code="v">Engineering and allied operations</subfield>
  </datafield>
  <datafield tag="942" ind1=" " ind2=" ">
    <subfield code="c">BOOK</subfield>
  </datafield>
  <datafield tag="952" ind1=" " ind2=" ">
    <subfield code="0">0</subfield>
    <subfield code="1">0</subfield>
    <subfield code="2">ddc</subfield>
    <subfield code="4">0</subfield>
    <subfield code="7">0</subfield>
    <subfield code="a">SEACOMEC</subfield>
    <subfield code="b">SEACOMEC</subfield>
    <subfield code="d">2006-06-11</subfield>
    <subfield code="l">0</subfield>
    <subfield code="o">620.0422 J59</subfield>
    <subfield code="p">03440</subfield>
    <subfield code="r">2024-04-06 11:05:49</subfield>
    <subfield code="w">2024-04-06</subfield>
    <subfield code="y">BOOK</subfield>
  </datafield>
  <datafield tag="952" ind1=" " ind2=" ">
    <subfield code="0">0</subfield>
    <subfield code="1">0</subfield>
    <subfield code="2">ddc</subfield>
    <subfield code="4">0</subfield>
    <subfield code="7">0</subfield>
    <subfield code="a">SEACOMEC</subfield>
    <subfield code="b">SEACOMEC</subfield>
    <subfield code="d">2006-06-11</subfield>
    <subfield code="l">0</subfield>
    <subfield code="o">620.0422 J59</subfield>
    <subfield code="p">03441</subfield>
    <subfield code="r">2024-04-06 11:06:22</subfield>
    <subfield code="t">1</subfield>
    <subfield code="w">2024-04-06</subfield>
    <subfield code="y">BOOK</subfield>
  </datafield>
  <datafield tag="952" ind1=" " ind2=" ">
    <subfield code="0">0</subfield>
    <subfield code="1">0</subfield>
    <subfield code="2">ddc</subfield>
    <subfield code="4">0</subfield>
    <subfield code="7">0</subfield>
    <subfield code="a">SEACOMEC</subfield>
    <subfield code="b">SEACOMEC</subfield>
    <subfield code="d">2006-06-11</subfield>
    <subfield code="l">0</subfield>
    <subfield code="o">620.0422 J59</subfield>
    <subfield code="p">03442</subfield>
    <subfield code="r">2024-04-06 11:06:22</subfield>
    <subfield code="t">2</subfield>
    <subfield code="w">2024-04-06</subfield>
    <subfield code="y">BOOK</subfield>
  </datafield>
  <datafield tag="952" ind1=" " ind2=" ">
    <subfield code="0">0</subfield>
    <subfield code="1">0</subfield>
    <subfield code="2">ddc</subfield>
    <subfield code="4">0</subfield>
    <subfield code="7">0</subfield>
    <subfield code="a">SEACOMEC</subfield>
    <subfield code="b">SEACOMEC</subfield>
    <subfield code="d">2006-06-11</subfield>
    <subfield code="l">0</subfield>
    <subfield code="o">620.0422 J59</subfield>
    <subfield code="p">03443</subfield>
    <subfield code="r">2024-04-06 11:06:22</subfield>
    <subfield code="t">3</subfield>
    <subfield code="w">2024-04-06</subfield>
    <subfield code="y">BOOK</subfield>
  </datafield>
  <datafield tag="952" ind1=" " ind2=" ">
    <subfield code="0">0</subfield>
    <subfield code="1">0</subfield>
    <subfield code="2">ddc</subfield>
    <subfield code="4">0</subfield>
    <subfield code="7">0</subfield>
    <subfield code="a">SEACOMEC</subfield>
    <subfield code="b">SEACOMEC</subfield>
    <subfield code="d">2006-06-11</subfield>
    <subfield code="l">0</subfield>
    <subfield code="o">620.0422 J59</subfield>
    <subfield code="p">03444</subfield>
    <subfield code="r">2024-04-06 11:06:22</subfield>
    <subfield code="t">4</subfield>
    <subfield code="w">2024-04-06</subfield>
    <subfield code="y">BOOK</subfield>
  </datafield>
  <datafield tag="952" ind1=" " ind2=" ">
    <subfield code="0">0</subfield>
    <subfield code="1">0</subfield>
    <subfield code="2">ddc</subfield>
    <subfield code="4">0</subfield>
    <subfield code="7">0</subfield>
    <subfield code="a">SEACOMEC</subfield>
    <subfield code="b">SEACOMEC</subfield>
    <subfield code="d">2006-06-11</subfield>
    <subfield code="l">0</subfield>
    <subfield code="o">620.0422 J59</subfield>
    <subfield code="p">03445</subfield>
    <subfield code="r">2024-04-06 11:06:22</subfield>
    <subfield code="t">5</subfield>
    <subfield code="w">2024-04-06</subfield>
    <subfield code="y">BOOK</subfield>
  </datafield>
  <datafield tag="952" ind1=" " ind2=" ">
    <subfield code="0">0</subfield>
    <subfield code="1">0</subfield>
    <subfield code="2">ddc</subfield>
    <subfield code="4">0</subfield>
    <subfield code="7">0</subfield>
    <subfield code="a">SEACOMEC</subfield>
    <subfield code="b">SEACOMEC</subfield>
    <subfield code="d">2006-06-11</subfield>
    <subfield code="l">0</subfield>
    <subfield code="o">620.0422 J59</subfield>
    <subfield code="p">03446</subfield>
    <subfield code="r">2024-04-06 11:06:22</subfield>
    <subfield code="t">6</subfield>
    <subfield code="w">2024-04-06</subfield>
    <subfield code="y">BOOK</subfield>
  </datafield>
  <datafield tag="952" ind1=" " ind2=" ">
    <subfield code="0">0</subfield>
    <subfield code="1">0</subfield>
    <subfield code="2">ddc</subfield>
    <subfield code="4">0</subfield>
    <subfield code="7">0</subfield>
    <subfield code="a">SEACOMEC</subfield>
    <subfield code="b">SEACOMEC</subfield>
    <subfield code="d">2006-06-11</subfield>
    <subfield code="l">0</subfield>
    <subfield code="o">620.0422 J59</subfield>
    <subfield code="p">03447</subfield>
    <subfield code="r">2024-04-06 11:06:22</subfield>
    <subfield code="t">7</subfield>
    <subfield code="w">2024-04-06</subfield>
    <subfield code="y">BOOK</subfield>
  </datafield>
  <datafield tag="952" ind1=" " ind2=" ">
    <subfield code="0">0</subfield>
    <subfield code="1">0</subfield>
    <subfield code="2">ddc</subfield>
    <subfield code="4">0</subfield>
    <subfield code="7">0</subfield>
    <subfield code="a">SEACOMEC</subfield>
    <subfield code="b">SEACOMEC</subfield>
    <subfield code="d">2006-06-11</subfield>
    <subfield code="l">0</subfield>
    <subfield code="o">620.0422 J59</subfield>
    <subfield code="p">03448</subfield>
    <subfield code="r">2024-04-06 11:06:22</subfield>
    <subfield code="t">8</subfield>
    <subfield code="w">2024-04-06</subfield>
    <subfield code="y">BOOK</subfield>
  </datafield>
  <datafield tag="952" ind1=" " ind2=" ">
    <subfield code="0">0</subfield>
    <subfield code="1">0</subfield>
    <subfield code="2">ddc</subfield>
    <subfield code="4">0</subfield>
    <subfield code="7">0</subfield>
    <subfield code="a">SEACOMEC</subfield>
    <subfield code="b">SEACOMEC</subfield>
    <subfield code="d">2006-06-11</subfield>
    <subfield code="l">0</subfield>
    <subfield code="o">620.0422 J59</subfield>
    <subfield code="p">03449</subfield>
    <subfield code="r">2024-04-06 11:06:22</subfield>
    <subfield code="t">9</subfield>
    <subfield code="w">2024-04-06</subfield>
    <subfield code="y">BOOK</subfield>
  </datafield>
  <datafield tag="952" ind1=" " ind2=" ">
    <subfield code="0">0</subfield>
    <subfield code="1">0</subfield>
    <subfield code="2">ddc</subfield>
    <subfield code="4">0</subfield>
    <subfield code="7">0</subfield>
    <subfield code="a">SEACOMEC</subfield>
    <subfield code="b">SEACOMEC</subfield>
    <subfield code="d">2006-06-11</subfield>
    <subfield code="l">0</subfield>
    <subfield code="o">620.0422 J59</subfield>
    <subfield code="p">03450</subfield>
    <subfield code="r">2024-04-06 11:06:22</subfield>
    <subfield code="t">10</subfield>
    <subfield code="w">2024-04-06</subfield>
    <subfield code="y">BOOK</subfield>
  </datafield>
  <datafield tag="952" ind1=" " ind2=" ">
    <subfield code="0">0</subfield>
    <subfield code="1">0</subfield>
    <subfield code="2">ddc</subfield>
    <subfield code="4">0</subfield>
    <subfield code="7">0</subfield>
    <subfield code="a">SEACOMEC</subfield>
    <subfield code="b">SEACOMEC</subfield>
    <subfield code="d">2006-06-11</subfield>
    <subfield code="l">0</subfield>
    <subfield code="o">620.0422 J59</subfield>
    <subfield code="p">03451</subfield>
    <subfield code="r">2024-04-06 11:06:22</subfield>
    <subfield code="t">11</subfield>
    <subfield code="w">2024-04-06</subfield>
    <subfield code="y">BOOK</subfield>
  </datafield>
  <datafield tag="952" ind1=" " ind2=" ">
    <subfield code="0">0</subfield>
    <subfield code="1">0</subfield>
    <subfield code="2">ddc</subfield>
    <subfield code="4">0</subfield>
    <subfield code="7">0</subfield>
    <subfield code="a">SEACOMEC</subfield>
    <subfield code="b">SEACOMEC</subfield>
    <subfield code="d">2006-06-11</subfield>
    <subfield code="l">0</subfield>
    <subfield code="o">620.0422 J59</subfield>
    <subfield code="p">03452</subfield>
    <subfield code="r">2024-04-06 11:06:22</subfield>
    <subfield code="t">12</subfield>
    <subfield code="w">2024-04-06</subfield>
    <subfield code="y">BOOK</subfield>
  </datafield>
  <datafield tag="952" ind1=" " ind2=" ">
    <subfield code="0">0</subfield>
    <subfield code="1">0</subfield>
    <subfield code="2">ddc</subfield>
    <subfield code="4">0</subfield>
    <subfield code="7">0</subfield>
    <subfield code="a">SEACOMEC</subfield>
    <subfield code="b">SEACOMEC</subfield>
    <subfield code="d">2006-06-11</subfield>
    <subfield code="l">0</subfield>
    <subfield code="o">620.0422 J59</subfield>
    <subfield code="p">03453</subfield>
    <subfield code="r">2024-04-06 11:06:22</subfield>
    <subfield code="t">13</subfield>
    <subfield code="w">2024-04-06</subfield>
    <subfield code="y">BOOK</subfield>
  </datafield>
  <datafield tag="952" ind1=" " ind2=" ">
    <subfield code="0">0</subfield>
    <subfield code="1">0</subfield>
    <subfield code="2">ddc</subfield>
    <subfield code="4">0</subfield>
    <subfield code="7">0</subfield>
    <subfield code="a">SEACOMEC</subfield>
    <subfield code="b">SEACOMEC</subfield>
    <subfield code="d">2006-06-11</subfield>
    <subfield code="l">0</subfield>
    <subfield code="o">620.0422 J59</subfield>
    <subfield code="p">03454</subfield>
    <subfield code="r">2024-04-06 11:06:22</subfield>
    <subfield code="t">14</subfield>
    <subfield code="w">2024-04-06</subfield>
    <subfield code="y">BOOK</subfield>
  </datafield>
  <datafield tag="999" ind1=" " ind2=" ">
    <subfield code="c">876</subfield>
    <subfield code="d">876</subfield>
  </datafield>
</record>
